Pixar's "Cars” - Statistics

General Stats
  • This quiz has been taken 372 times
  • The average score is 11 of 21
Answer Stats
Hint Answer % Correct
Number 95 Montgomery "Lightning" McQueen
98%
95’s best friend Tow Mater
89%
95’s main rival Chick Hicks
77%
Diner owner Flo
72%
Attorney Sally Carrera
72%
Hometown of many of the above Radiator Springs
71%
Fill-the-blank in the quote Focus. {Speed}. I am {speed}.
70%
Rust-eze pit crew Luigi
67%
Stock car championship Piston Cup Racing Series
64%
Pit crew Guido
62%
Stereotypical hippie Fillmore
58%
The King Strip Weathers
54%
Widow of the towns founder Lizzie
46%
Fill-the-blank in the quote Oh, he's just a little bit shy, and he hates ya for killing his {flowers}.
46%
Brand of tires used by 95 Lightyear
42%
Band that sung “Life Is A Highway” Rascal Flatts
40%
Amount of paint variants 95 has through the film Fourteen
21%
Tire shop Casa Della Tires
19%
Trainer of the above Cruz Ramirez
15%
Final race of the above Dinoco 400
13%
Birds from this Pixar short appear on telephone wires For the Birds
6%
No matching quizzes found
Score Distribution
Percent of People with Each Score
Percentile by Number Answered
Your Score History
You have not taken this quiz